<?xml version="1.0" encoding="UTF-8"?>
<record
    xmlns:xsi="http://www.w3.org/2001/XMLSchema-instance"
    xsi:schemaLocation="http://www.loc.gov/MARC21/slim http://www.loc.gov/standards/marcxml/schema/MARC21slim.xsd"
    xmlns="http://www.loc.gov/MARC21/slim">

  <leader>01205mam a2200337 i 4500</leader>
  <controlfield tag="001">2557627</controlfield>
  <controlfield tag="005">20220326193329.0</controlfield>
  <controlfield tag="008">000710s2000    enkach   b    000 0deng d</controlfield>
  <datafield tag="020" ind1=" " ind2=" ">
    <subfield code="a">0714838667</subfield>
  </datafield>
  <datafield tag="035" ind1=" " ind2=" ">
    <subfield code="a">(OCoLC)43340753</subfield>
  </datafield>
  <datafield tag="035" ind1=" " ind2=" ">
    <subfield code="a">(OCoLC)ocm43340753</subfield>
  </datafield>
  <datafield tag="035" ind1=" " ind2=" ">
    <subfield code="a">(NNC)2557627</subfield>
  </datafield>
  <datafield tag="040" ind1=" " ind2=" ">
    <subfield code="a">DNGA</subfield>
    <subfield code="c">DNGA</subfield>
    <subfield code="d">MoSR</subfield>
    <subfield code="d">MnU</subfield>
    <subfield code="d">CtY</subfield>
  </datafield>
  <datafield tag="082" ind1=" " ind2=" ">
    <subfield code="a">701.18</subfield>
    <subfield code="b">B697m</subfield>
  </datafield>
  <datafield tag="100" ind1="1" ind2=" ">
    <subfield code="a">Bonami, Francesco.</subfield>
    <subfield code="9">3051</subfield>
  </datafield>
  <datafield tag="245" ind1="1" ind2="0">
    <subfield code="a">Maurizio Cattelan /</subfield>
    <subfield code="c">Francesco Bonami, Nancy Spector, Barbara Vanderlinden.</subfield>
  </datafield>
  <datafield tag="260" ind1=" " ind2=" ">
    <subfield code="a">London :</subfield>
    <subfield code="b">Phaidon,</subfield>
    <subfield code="c">2000.</subfield>
  </datafield>
  <datafield tag="300" ind1=" " ind2=" ">
    <subfield code="a">160 :</subfield>
    <subfield code="b">ill. (chiefly col.), facsims., ports. ;</subfield>
    <subfield code="c">29 cm.</subfield>
  </datafield>
  <datafield tag="490" ind1="1" ind2=" ">
    <subfield code="a">Contemporary artists</subfield>
  </datafield>
  <datafield tag="500" ind1=" " ind2=" ">
    <subfield code="a">Series statement on jacket.</subfield>
  </datafield>
  <datafield tag="500" ind1=" " ind2=" ">
    <subfield code="a">Includes selected writings by and interviews with the artist.</subfield>
  </datafield>
  <datafield tag="504" ind1=" " ind2=" ">
    <subfield code="a">Includes bibliographical references (p. 158-159).</subfield>
  </datafield>
  <datafield tag="505" ind1=" " ind2=" ">
    <subfield code="t">Interview </subfield>
    <subfield code="t">Survey</subfield>
    <subfield code="t">Focus </subfield>
    <subfield code="t">Artist`s  Choice </subfield>
    <subfield code="t">Artist`s Writting </subfield>
    <subfield code="t">Cronology</subfield>
  </datafield>
  <datafield tag="600" ind1="1" ind2="0">
    <subfield code="a">Cattelan, Maurizio,</subfield>
    <subfield code="d">1960-</subfield>
    <subfield code="9">3052</subfield>
  </datafield>
  <datafield tag="650" ind1=" " ind2=" ">
    <subfield code="a">Artist Work </subfield>
    <subfield code="y">criticize</subfield>
    <subfield code="9">3053</subfield>
  </datafield>
  <datafield tag="700" ind1="1" ind2=" ">
    <subfield code="a">Spector, Nancy.</subfield>
    <subfield code="9">3054</subfield>
  </datafield>
  <datafield tag="700" ind1="1" ind2=" ">
    <subfield code="a">Vanderlinden, Barbara.</subfield>
    <subfield code="9">3055</subfield>
  </datafield>
  <datafield tag="700" ind1="1" ind2=" ">
    <subfield code="a">Cattelan, Maurizio,</subfield>
    <subfield code="d">1960-</subfield>
    <subfield code="9">3056</subfield>
  </datafield>
  <datafield tag="830" ind1=" " ind2="0">
    <subfield code="a">Contemporary artists.</subfield>
    <subfield code="9">3057</subfield>
  </datafield>
  <datafield tag="999" ind1=" " ind2=" ">
    <subfield code="c">679</subfield>
    <subfield code="d">679</subfield>
  </datafield>
  <datafield tag="952" ind1=" " ind2=" ">
    <subfield code="0">0</subfield>
    <subfield code="1">0</subfield>
    <subfield code="2">ddc</subfield>
    <subfield code="4">0</subfield>
    <subfield code="7">0</subfield>
    <subfield code="a">LV</subfield>
    <subfield code="b">LV</subfield>
    <subfield code="c">Monograf&#xED;as</subfield>
    <subfield code="d">2015-06-11</subfield>
    <subfield code="l">0</subfield>
    <subfield code="o">701.18 B697m</subfield>
    <subfield code="p">000635</subfield>
    <subfield code="r">2015-06-11 00:00:00</subfield>
    <subfield code="w">2015-06-11</subfield>
    <subfield code="y">01</subfield>
  </datafield>
</record>
